Choice of product quality, equilibrium and efficiency

Gespeichert in:
Bibliographische Detailangaben
1. Verfasser: Dréze, Jacques H.
Weitere Verfasser: Hagen, Kare P.
Format: Buch
Sprache:Englisch
Veröffentlicht: Louvain Universite Catholique 1975
Tags: Tag hinzufügen
Keine Tags, Fügen Sie das erste Tag hinzu!

MARC

LEADER 00000nam a2200000 4500
001 0222870
005 20240822101702.4
041 0 |a eng 
044 |a BE 
245 1 0 |a Choice of product quality, equilibrium and efficiency  |c Jacques H. Dréze, Kare P. Hagen 
264 1 |a Louvain  |b Universite Catholique  |c 1975 
300 |a 42 s. 
100 1 |a Dréze, Jacques H. 
700 1 |a Hagen, Kare P.